Prehľad výsledkov súčasného výskumu pojmového mapovania a jeho vyžitia v pedagogickej praxi

Metóda pojmového mapovania a jej využívanie na dokumentáciu zmien v kognitívnej štruktúre žiakov. Nástroj formálneho i neformálneho hodnotenia vedomostí žiakov. Aktívne zapájanie žiakov do vyučovacieho procesu. Rozvíjanie záujmu žiakov o vyučovací predmet.

Guardado en:
Detalles Bibliográficos
Autor principal: Kucharová, Jana, 1981-
Formato: Capítulo de libro
Lenguaje:eslovaco
Materias:
Etiquetas: Agregar Etiqueta
Sin Etiquetas, Sea el primero en etiquetar este registro!

MARC

LEADER 00000nla$a2200000$$$4500
001 0119600
005 20240502072331.3
041 0 |a slo 
044 |a SK 
245 1 0 |a Prehľad výsledkov súčasného výskumu pojmového mapovania a jeho vyžitia v pedagogickej praxi  |c Jana Kucharová 
520 |a Metóda pojmového mapovania a jej využívanie na dokumentáciu zmien v kognitívnej štruktúre žiakov. Nástroj formálneho i neformálneho hodnotenia vedomostí žiakov. Aktívne zapájanie žiakov do vyučovacieho procesu. Rozvíjanie záujmu žiakov o vyučovací predmet. 
610 2 0 |a vzdelávanie 
610 2 0 |a metodika 
610 2 0 |a didaktika 
610 2 0 |a pedagogika 
610 2 0 |a učitelia 
610 2 0 |a vyučovanie programové 
610 2 0 |a predmety učebné 
100 1 |a Kucharová, Jana, 1981-